00669nam a2200241 a 4500001001300000003000900013005001700022008004100039020001000080082001500090100001600105245002200121260004700143300000800190500003500198505001000233650002200243700001600265902000800281942000700289952011600296999001500412nice12345678IN_TiNIC20260116012353.0050524s1980 sina grp 000 0 eng  ac10000a269.2bTHO aThomas, T K aYour Kingdom Come aSingapurbChristian Conference Indiac1980 a16p aincludes index and biblioraphy2 aIndex aEvangelistic Work1 aThomas, T K bSRS cBK 001040708StackRoom-aHMIbHMId2007-07-16g100.00l0o269.2 THOp012651r2007-07-16v100.00w2005-05-24yBK c6742d6742